00436nam a2200121 a 450000500170000000800410001705000220005824500400008026000210012044000320014199900190017395201220019220140414132108.0110115s19uu xx 00 eng d aM 398.2bP57 2010 aDisney Pixar, Storybook Collection. bParragon,c2010. aDisney Storybook Collection c114661d114661 00104050aMUbMUcMd2011-01-15eLib. Fundg245.00l0oM 398.2 P57 2010pM6543r2014-04-14 00:00:00w2014-04-14yBK